Código de derecho canónico

Saved in:
Bibliografiske detaljer
Format: Bog
Sprog:spansk
Udgivet: Madrid Católica 1983
Serier:Biblioteca de Autores Cristianos, 442
Fag:
Tags: Tilføj Tag
Ingen Tags, Vær først til at tagge denne postø!

MARC

LEADER 00000nam a2200000 a 4500
001 UCV3018
003 CL-VaPUC
008 930308e19830000SP |||||||||||||||||spa|d
082 0 4 |a 262.94  |b COD  |2 21 
245 1 0 |a Código de derecho canónico 
300 |a 921 p 
942 |c BK 
945 |d 19930308 00:00:00 
260 |a Madrid  |b Católica  |c 1983 
600 0 |a Iglesia católica  |9 255129 
650 7 |a DERECHO CANONICO  |2 CL-VaPUC  |9 297296 
583 |a last modification  |c 19930308 00:00:00  |k Rodrigo Vera 
490 0 |a Biblioteca de Autores Cristianos, 442 
999 |c 210412  |d 210410 
952 |0 0  |1 0  |4 0  |6 262_940000000000000_COD_1983  |7 0  |8 A  |9 186603  |a BIBDER  |b BIBDER  |d 2019-11-14  |i 2541637  |l 2  |o 262.94 COD 1983  |p 2541637  |r 2024-11-11  |s 2024-11-11  |w 2019-11-14  |y BK  |k DER